Recent developments in rubber research (Record no. 66452)

MARC details
000 -LEADER
fixed length control field 00336nam a2200121Ia 4500
100 ## - MAIN ENTRY--AUTHOR NAME
Personal name Nair C K N
245 #0 - TITLE STATEMENT
Title Recent developments in rubber research
260 ## - PUBLICATION, DISTRIBUTION, ETC. (IMPRINT)
Name of publisher Souvenir, Rubber Planters Conference, India, 1974
Year of publication 1974
300 ## - PHYSICAL DESCRIPTION
Number of Pages 12-May
650 ## - SUBJECT ADDED ENTRY--TOPICAL TERM
Topical Term Rubber research
942 ## - ADDED ENTRY ELEMENTS (KOHA)
Koha item type Journals
Holdings
Withdrawn status Lost status Damaged status Not for loan Home library Current library Shelving location Date acquired Koha item type
      Journals RRII Library RRII Library Rubber general 17/12/2021 Journals